000 00403nam a2200157 a 4500
001 13722
005 20180713202130.0
008 140415s1993 000 0 spa d
041 _aspa
082 _a658.562
_bMIL
100 1 _aMILLS, DAVID
245 1 0 _aQUALITY AUDITING
260 _a[s.l.] :
_bCHAPMAN AND HALL,
_c1993
300 _a318
650 1 4 _aAUDITORIA
_xCONTROL DE CALIDAD
999 _c13722
_d13722